Statistiques concernant Les prénoms féminins les plus donnés en France

Cliquez ici pour prendre le quiz!

Statistiques générales

  • Ce quiz a été pris 709 fois
  • Le résultat moyen est 52 sur 100

Statistiques - réponses

RangPrénom% Correct
1Marie
97%
34Julie
87%
2Jeanne
82%
9Anne
79%
19Louise
79%
43Léa
78%
72Emma
74%
23Sophie
74%
62Juliette
73%
10Sylvie
72%
68Pauline
71%
16Christine
70%
6Nathalie
70%
42Camille
69%
76Chloé
68%
45Emilie
67%
3Françoise
67%
7Isabelle
67%
41Lucie
67%
22Valérie
67%
5Catherine
66%
59Manon
65%
27Véronique
65%
26Céline
64%
75Charlotte
64%
74Laura
64%
96Michelle
64%
24Sandrine
63%
4Monique
61%
25Stéphanie
61%
20Christiane
60%
11Martine
60%
48Aurélie
59%
15Hélène
59%
67Caroline
58%
56Dominique
58%
93Marion
58%
37Annie
57%
69Christelle
57%
63Claire
57%
97Karine
57%
49Laurence
57%
98Marine
57%
78Mathilde
57%
46Alice
56%
38Patricia
56%
51Cécile
55%
73Florence
55%
57Sarah
55%
40Brigitte
54%
65Danielle
54%
99Elise
54%
66Elodie
53%
54Virginie
52%
60Corinne
51%
8Jacqueline
50%
13Nicole
50%
39Yvette
48%
87Béatrice
47%
28Chantal
47%
80Maria
47%
52Thérèse
47%
18Denise
46%
79Audrey
45%
50Michèle
45%
35Paulette
45%
30Renée
45%
33Andrée
44%
64Claudine
44%
61Elisabeth
44%
77Bernadette
42%
82Mélanie
42%
32Jeannine
41%
31Simone
40%
53Colette
39%
12Madeleine
38%
91Delphine
37%
21Yvonne
37%
89Anaïs
36%
17Marguerite
36%
14Suzanne
36%
92Henriette
35%
94Josiane
35%
44Odette
34%
90Evelyne
33%
71Georgette
33%
70Josette
32%
86Nadine
32%
55Lucienne
30%
88Mireille
30%
83Laetitia
29%
85Annick
28%
36Germaine
28%
58Raymonde
28%
47Geneviève
27%
84Ginette
27%
29Marcelle
27%
81Gisèle
26%
100Eliane
22%
95Marthe
22%

Distribution des résultats

Percentile par nombre de réponses

% des personnes avec chaque résultat

Votre développement - résultats

Vous n’avez pas pris ce quiz